Muzakarah fi al-Aqidah lil-durusat al-Tarhiyatu limualami al-hiqatu al-Arabiyah wa ill-Saqafah (Record no. 108845)

MARC details
000 -LEADER
fixed length control field 00779nam a2200241 i 4500
001 - CONTROL NUMBER
control field C2-0305855
003 - CONTROL NUMBER IDENTIFIER
control field PPAK
005 - DATE AND TIME OF LATEST TRANSACTION
control field 20180728091246.0
008 - FIXED-LENGTH DATA ELEMENTS--GENERAL INFORMATION
fixed length control field 100906s su |||| ||||| | ara d
040 ## - CATALOGING SOURCE
Original cataloging agency PPAK
Language of cataloging eng
Transcribing agency PPAK
Description conventions rda
082 04 - DEWEY DECIMAL CLASSIFICATION NUMBER
Classification number 297.2
Edition number 23
090 00 - LOCALLY ASSIGNED LC-TYPE CALL NUMBER (OCLC); LOCAL CALL NUMBER (RLIN)
Classification number (OCLC) (R) ; Classification number, CALL (RLIN) (NR) 297.2
Feature heading SOL
Feature heading KMN
100 0# - MAIN ENTRY--PERSONAL NAME
Personal name Soleh bin Said al-Sahimi,
Relator term author
245 10 - TITLE STATEMENT
Title Muzakarah fi al-Aqidah lil-durusat al-Tarhiyatu limualami al-hiqatu al-Arabiyah wa ill-Saqafah
Remainder of title Perbincangan dalam Aqidah bagi Pembelajaran Pendidikan
264 #1 - PRODUCTION, PUBLICATION, DISTRIBUTION, MANUFACTURE, AND COPYRIGHT NOTICE
Place of production, publication, distribution, manufacture Madinah :
Name of producer, publisher, distributor, manufacturer al-Jamiah al-Islamiyah bil al-Madinah ,
300 ## - PHYSICAL DESCRIPTION
Extent 83 pages ;
Dimensions 23 cm
336 ## - CONTENT TYPE
Source rdacontent
Content type term text
337 ## - MEDIA TYPE
Source rdamedia
Media type term unmediated
338 ## - CARRIER TYPE
Source rdacarrier
Carrier type term volume
500 ## - GENERAL NOTE
General note Teks Arab
650 10 - SUBJECT ADDED ENTRY--TOPICAL TERM
Topical term or geographic name entry element Faith (Islam)
942 ## - ADDED ENTRY ELEMENTS (KOHA)
-- dc
Koha item type Book
Holdings
Withdrawn Not for loan Current library Shelving location Date acquired Full call number Barcode Date last seen Koha item type
  Not For Loan Perpustakaan Merbok Koleksi Mahmood Naim 06/09/2010 KMN 297.2 SOL A00505182 09/05/2018 Book